01835nkc a22002897a 45000010006000000050017000060070007000230080041000300400024000711000048000952450093001432600036002363000055002725000160003275000194004875000122006816510039008036550042008427000037008848520021009218560150009428560150010929420020012429520133012629520133013959990017015288586620260430122315.0kh bo 260430s1915 sp ||||| |||| |0| i|spa d aM-RABAbspacM-RABA1 aRoig Villalonga, Juana (d1877-1941)94253511a[Iglesia de San Pedro de la Rúab: cofres y báculo]c/ J. Roigh[Material Gráfico] a: Madridb: J. Roigc[ca. 1915] a2 fotografíasb: aristotipoc, imagen 15 x 22 cm00aConjunto de dos fotografías que muestran diferentes cofres árabes y un báculo conservados en la Iglesia de San Pedro de la Rúa en Estella, Navarra.00aSello a tinta al verso de la fotógrafa J. Roig, que se encargó del estudio de J. Laurent entre 1915 y 1930. Fecha de las fotografías tomada de los años en activo de la fotógrafa.00aOriginales de J. Laurent conservados en el IPCE: Fot-840: nº inventario VN-01239. Fot-841: nº inventario VN-01240.  7aEstella (Navarra, España)911143 7aFotografías de obras de arte9756751 aLaurent, J. (d1816-1886)955737 jFot-840; Fot-841 uhttps://archivoybiblioteca.realacademiabellasartessanfernando.com/cgi-bin/koha/opac-retrieve-file.pl?id=d6df7ac330442336879d5330c7cfdd23yFot-840 uhttps://archivoybiblioteca.realacademiabellasartessanfernando.com/cgi-bin/koha/opac-retrieve-file.pl?id=76bc2fe066cd68246a847ce7e7b4dd58yFot-841 cFOTOGRAFÍAn0 00102ddc40708FOTOGRAFIAaRABASFbRABASFcDP2d2026-04-30l0oFot-840p1097180r2026-04-30 12:23:38w2026-04-30yFOTOGRAFÍA 00102ddc40708FOTOGRAFIAaRABASFbRABASFcDP2d2026-04-30l0oFot-841p1097181r2026-04-30 12:23:38w2026-04-30yFOTOGRAFÍA c85866d85866